| 000 | 00329nam a2200109Ia 4500 | ||
|---|---|---|---|
| 008 | 171211s9999 xx 000 0 und d | ||
| 245 | 4 | _aThe Blackwell Encyclopedia of Management, Finance | |
| 245 | _cIan Garrett | ||
| 260 | _c2006 | ||
| 650 | _xEncyclopedia and Dictionary | ||
| 856 | _uhttp://down.ebook777.com/053/1405118261.pdf | ||
| 999 |
_c350219 _d350219 |
||